Statistics for Top 10 Richest Countries in Africa

Click here to take the quiz!

General Stats

  • This quiz has been taken 3,067 times
  • The average score is 8 of 10

Answer Stats

GDP per CapitaCountry% Correct
$13,165 South Africa
97%
$10,891 Egypt
96%
$14,687 Algeria
90%
$11,397 Tunisia
86%
$14,154 Libya
80%
$27,273 Seychelles
80%
$19,480 Mauritius
78%
$15,807 Botswana
66%
$20,010 Gabon
59%
$30,041 Equatorial Guinea
55%

Score Distribution

Percentile by Number Answered

Percent of People with Each Score

Your Score History

You have not taken this quiz